000 00650nam a2200265Ia 4500
005 20260121165501.0
008 008 260114s9999 xx 000 0 eng d
020 _a9788132236283
037 _aEBOOK
040 _aCRL
040 _beng
040 _cCRL
041 _2eng
041 _aeng
084 _qCRL
100 _aSaumyadipta Pyne, B.L.S. Prakasa Rao, S.B. Rao
_91052275
245 0 _aBig Data Analytics
260 _bSpringer
260 _bSpringer
260 _c2016
856 _uhttps://link.springer.com/openurl?genre=book&isbn=978-81-322-3628-3
942 _cEBOOK
999 _c1618000
_d1618000